000 00685nam a2200229 a 4500
001 BRCA_6994
005 20190320205654.0
008 231111s1909----gw-#######---#000-0#ger-#
041 _ager
044 _agw
050 4 _aQH44
_b.FT 1909
100 1 _aBölsche, Wilhelm
_d1861-1939
_916359
245 1 0 _aAus der Schneegrube
_bGedanken zur Vertiefung des Darwinismus
_cvon Wilheml Bölsche.
250 _aNeue Volksauag.
260 _aDresden
_bCarl Reissner
_c1909
300 _a2 v.
_c22 cm.
500 _aLa biblioteca cuenta con 2 ejemplares de la misma obra: ej. 1 de 1909 y ej. 2 de 1922
500 _aL192
650 1 4 _aDarwinismo
_917406
902 _aGFM
942 _2lcc
_cB
999 _c6675
_d6675